Pays les moins touristique au monde - Statistiques

Statistiques générales
  • Ce quiz a été pris 160 fois
  • Le résultat moyen est 4 sur 10
Statistiques - réponses
Classement Pays % Correct
5. Tuvalu
58%
1. Somalie
53%
2. Yémen
53%
4. Nauru
52%
9. Kiribati
50%
7. Îles Marshall
49%
10. Bhoutan
38%
8. Sao Tomé-et-Principe
36%
6. Libye
32%
3. Guinée équatoriale
18%
Aucun quiz correspondant
Distribution des résultats
% des personnes avec chaque résultat
Percentile par nombre de réponses
Votre historique - résultats
Vous n’avez pas pris ce quiz